| 000 | 00730nam a22002055i 4500 | ||
|---|---|---|---|
| 001 | 151792 | ||
| 003 | ES-MaACL | ||
| 005 | 20251114152833.0 | ||
| 008 | 000425s1864 fr |||| | fre d | ||
| 040 |
_aCAM _bspa _cCAM |
||
| 100 | 1 |
_aBelhomme, Lucien. _9125892 |
|
| 245 | 1 | 0 |
_aTraité pratique et élémentaire de pathologie syphilitique et vénérienee / _cpar L. Belhomme et Aimé Martin. |
| 260 |
_aParis : _bA. Coccoz, _c1864 ( _fA. Parent) |
||
| 300 |
_a[4], III, [1], 690 p. ; _c18 cm. |
||
| 650 | 7 |
_aEnfermedades de transmisión sexual _2embne _912260 |
|
| 650 | 4 |
_aSífilis. _917092 |
|
| 700 | 1 | 1 |
_aMartin, Aimé, _d1767-1846 _977260 |
| 852 |
_aES-MaACL _jG-10723 _z-- Enc. pasta |
||
| 999 |
_c151792 _d151792 |
||